000 00555 a2200169 4500
003 NUST
005 20230131131744.0
040 _cNust
082 _a940.546,TOL
100 _aToland, John
_9108237
245 _aThe Last 100 Days /
_cJohn Tiland
260 _aLondon
_bArthur Barker ltd
_c1965
300 _a622:p.
505 _aPart-1: The Great Offensive (Page-1), Part-2: Drive from the Eest (Page-171), Part-3: East Meets West (Page-337), Part-4: Wingless Victory (Page-463).
650 _aThe Last 100 Days
_9108238
942 _2ddc
_cBK
_k940.546,TOL
999 _c187191
_d187191